00498 2200181 4500001002100000005001500021035002000036245005400056100002200110250000600132300003400138260004400172082001000216084001600226020001800242650003900260990001700299INLIS00000000000074420190219034931 a0010-02190000551 aCara Membuat Asinan Mentimun /cIr. Adang Suryana0 aIr. Adang Suryana a- ax, 33 hlm. :bilus. ;c21 cm. aJakarta :bPT Musi Perkasa Utama,c2005 a664.8 a664.8 ADA c a979-651-169-X aTeknik Pembuatan Makanan dari Buah a02771/H/2018